Bonao : (Registro nro. 13484)

Detalles MARC
000 -LEADER
fixed length control field 00999nam a2200289 a 4500
001 - CONTROL NUMBER
control field 000014591
003 - CONTROL NUMBER IDENTIFIER
control field DO-SdBNP
005 - DATE AND TIME OF LATEST TRANSACTION
control field 20210512121033.0
008 - FIXED-LENGTH DATA ELEMENTS--GENERAL INFORMATION
fixed length control field 100115s1972 dr 000 0 spa d
040 ## - CATALOGING SOURCE
Original cataloging agency DO-SdBNP
Language of cataloging spa
Transcribing agency BNPHU
049 ## - LOCAL HOLDINGS (OCLC)
Holding library
082 ## - DEWEY DECIMAL CLASSIFICATION NUMBER
Classification number 972.93693
Item number B697u
Edition number 22
245 00 - TITLE STATEMENT
Title Bonao :
Remainder of title una ciudad dominicana /
Statement of responsibility, etc. Eduardo Latorre... [et al.].
260 ## - PUBLICATION, DISTRIBUTION, ETC. (IMPRINT)
Place of publication, distribution, etc. Santiago de los Caballeros ;
Name of publisher, distributor, etc. Universidad Católica Madre y Maestra,
Date of publication, distribution, etc. 1972.
300 ## - PHYSICAL DESCRIPTION
Extent 2 v. ;
Dimensions 19 cm.
490 1# - SERIES STATEMENT
Series statement Estudios
500 ## - GENERAL NOTE
General note Incluye referencias bibliográficas y notas al pie de las páginas.
504 ## - BIBLIOGRAPHY, ETC. NOTE
Bibliography, etc Bibliografía : p.[405-408]
590 ## - LOCAL NOTE (RLIN)
Local note Inventariado, 2021/VM
650 #4 - SUBJECT ADDED ENTRY--TOPICAL TERM
Topical term or geographic name as entry element Ciudades y pueblos
Geographic subdivision República Dominicana
651 #4 - SUBJECT ADDED ENTRY--GEOGRAPHIC NAME
Geographic name Bonao (República Dominicana)
General subdivision Historia Local
651 #4 - SUBJECT ADDED ENTRY--GEOGRAPHIC NAME
Geographic name Bonao (República Dominicana)
General subdivision Condiciones sociales
651 #4 - SUBJECT ADDED ENTRY--GEOGRAPHIC NAME
Geographic name Bonao (República Dominicana)
General subdivision Vida social y costumbres
830 #0 - SERIES ADDED ENTRY--UNIFORM TITLE
Uniform title Estudios
910 ## - USER-OPTION DATA (OCLC)
User-option data VMateo
942 ## - ADDED ENTRY ELEMENTS (KOHA)
Source of classification or shelving scheme Dewey Decimal Classification
Koha item type Libros
Existencias
Withdrawn status Lost status Source of classification or shelving scheme Damaged status Not for loan Collection code Home library Current library Date acquired Source of acquisition Full call number Barcode Date last seen Copy number Price effective from Koha item type
    Dewey Decimal Classification     Colección Dominicana Biblioteca Pública Metropolitana Salomé Ureña Biblioteca Pública Metropolitana Salomé Ureña 05/12/2021 Reyes Duluc BPMSU CD 972.93693 B697u 1972 BPMSU21050057 05/12/2021 v.1 05/12/2021 Libros
    Dewey Decimal Classification     Colección Dominicana Biblioteca Pública Metropolitana Salomé Ureña Biblioteca Pública Metropolitana Salomé Ureña 05/12/2021 Reyes Duluc BPMSU CD 972.93693 B697u 1972 BPMSU21050058 05/12/2021 v.2 05/12/2021 Libros